WWE Royal Rumble - Qui a éliminé Triple H ? - Statistiques

Statistiques générales
  • Ce quiz a été pris 237 fois
  • Le résultat moyen est 5 sur 7
Statistiques - réponses
Rumble Éliminé par % Correct
2008 John Cena
96%
2009 Randy Orton
94%
2010 Shawn Michaels
87%
1999 Stone Cold Steve Austin
86%
2006 Rey Mysterio
77%
1996 Diesel
25%
1997 Goldust
14%
Aucun quiz correspondant
Distribution des résultats
% des personnes avec chaque résultat
Percentile par nombre de réponses
Votre historique - résultats
Vous n’avez pas pris ce quiz